Pattern in the teaching and learning of mathematics / (Record no. 8834)

MARC details
000 -LEADER
fixed length control field 00990nam a2200289 a 4500
001 - CONTROL NUMBER
control field 3105434
003 - CONTROL NUMBER IDENTIFIER
control field OSt
005 - DATE AND TIME OF LATEST TRANSACTION
control field 20240625145203.0
008 - FIXED-LENGTH DATA ELEMENTS--GENERAL INFORMATION
fixed length control field 981208s1999 enka b 001 0 eng d
010 ## - LIBRARY OF CONGRESS CONTROL NUMBER
LC control number 99178257
020 ## - INTERNATIONAL STANDARD BOOK NUMBER
International Standard Book Number 0304700517 (hbk.)
020 ## - INTERNATIONAL STANDARD BOOK NUMBER
International Standard Book Number 0304700525 (pbk.)
035 ## - SYSTEM CONTROL NUMBER
System control number (OCoLC)40454039
040 ## - CATALOGING SOURCE
Original cataloging agency UkNcU
Transcribing agency must
Modifying agency DLC
042 ## - AUTHENTICATION CODE
Authentication code lccopycat
050 00 - LIBRARY OF CONGRESS CALL NUMBER
Classification number QA11
Item number .P38 1999
082 00 - DEWEY DECIMAL CLASSIFICATION NUMBER
Classification number 371.102 PAT 1999
Edition number 21
245 00 - TITLE STATEMENT
Title Pattern in the teaching and learning of mathematics /
Statement of responsibility, etc. edited by Anthony Orton.
260 ## - PUBLICATION, DISTRIBUTION, ETC. (IMPRINT)
Place of publication, distribution, etc. London ;
-- New York :
Name of publisher, distributor, etc. Cassell,
Date of publication, distribution, etc. 1999.
300 ## - PHYSICAL DESCRIPTION
Extent viii, 232 p. :
Other physical details ill. (some col.) ;
Dimensions 25 cm.
504 ## - BIBLIOGRAPHY, ETC. NOTE
Bibliography, etc Includes bibliographical references (p. [221]-228) and index.
650 #0 - SUBJECT ADDED ENTRY--TOPICAL TERM
Topical term or geographic name as entry element Mathematics
General subdivision Study and teaching.
9 (RLIN) 17855
700 1# - ADDED ENTRY--PERSONAL NAME
Personal name Orton, Anthony.
9 (RLIN) 17856
906 ## - LOCAL DATA ELEMENT F, LDF (RLIN)
a 7
b cbc
c copycat
d 2
e ncip
f 19
g y-gencatlg
942 ## - ADDED ENTRY ELEMENTS (KOHA)
Source of classification or shelving scheme Dewey Decimal Classification
Koha item type Open Shelf
Holdings
Withdrawn status Lost status Source of classification or shelving scheme Damaged status Not for loan Home library Current library Date acquired Source of acquisition Inventory number Total Checkouts Full call number Barcode Date last seen Price effective from Koha item type
    Other/Generic Classification Scheme     MUST Main Library MUST Main Library 25/06/2024 donation 03/20466   371.102 PAT 1999 2024-21306 25/06/2024 25/06/2024 Open Shelf